| 000 | 01410nam a2200361 c 4500 | ||
|---|---|---|---|
| 003 | BLK | ||
| 005 | 20211009154248.0 | ||
| 008 | 180409b bul|||||r ||||||| ||bul|| | ||
| 010 | _aKNG00137379000 | ||
| 020 |
_a978-954-9930-67-2 _bиздат.: Матком |
||
| 040 | _aBLK | ||
| 041 |
_aBUL _cBUL |
||
| 072 | 7 |
_2bullib _aН62 _xПриложни науки. Техника Н |
|
| 080 |
_aСтолове, ресторанти, кафенета, бюфети и др. _b640.43 _x(075) _z640.43(075) |
||
| 100 | 1 |
_aТодоров, Димчо Тодоров _eпърви автор _9304782 |
|
| 139 |
_aТодоров, Димчо Тодоров _bТ 64 |
||
| 245 | 1 | 0 |
_aРесторантьорство _cДимчо Тодоров Тодоров. |
| 257 | _aBGR | ||
| 260 |
_аСофия _bМатком _c2010 _fСофия : Изток-Запад |
||
| 300 |
_a248 с. _bс ил. _c24 см |
||
| 380 | _a62 | ||
| 500 | _aБиблиогр. с. 247 | ||
| 650 | 4 |
_aРесторанти, сладкарници, кафенета и др. - управление и организация - учебници _9305703 |
|
| 653 | _aресторанти | ||
| 653 | _aресторантьорство | ||
| 653 | _aучебни помагала | ||
| 659 | _aН | ||
| 852 | _aЦб 257482 | ||
| 856 | 4 |
_qpdf _u |
|
| 856 | 4 |
_qpdf _u |
|
| 942 |
_cKNG _n0 _011 |
||
| 944 |
_aCR _c15.12.2012 _kПенка_Димитрова |
||
| 944 |
_aED _c29.01.2013 _k |
||
| 999 |
_c131556 _d131556 |
||